| 000 | 006080000a22002050004500 | ||
|---|---|---|---|
| 003 | LK-CoMWRAF | ||
| 005 | 20240113113412.0 | ||
| 008 | 230817t ||||| |||| 00| 0 eng d | ||
| 040 |
_aLK-CoMWRAF _dLK-CoMWRAF _eLK-CoMWRAF |
||
| 041 | _aeng | ||
| 082 |
_a305.42 _bKRI |
||
| 100 | _aKrishnaraj, Maithreyi | ||
| 245 |
_aFeminist concepts: _bpart III |
||
| 260 |
_aBombay: _bResearch Centre for Women's Studies, SNDT Women's University, _c[1990?] |
||
| 300 | _a95 p. ; 29 cm. | ||
| 490 |
_aContribution to women studies series _v7 |
||
| 650 | _aFEMINISM | ||
| 650 | _aWomen- Social conditions | ||
| 942 | _cBK | ||
| 999 |
_c2114 _d2114 |
||